| 000 | 00696cam a22002533a 4500 | ||
|---|---|---|---|
| 001 | 23762 | ||
| 003 | PGUSA | ||
| 005 | 20140828083515.0 | ||
| 008 | 071207s2007||||xxu|||||s|||||000 1 eng d | ||
| 040 |
_aPGUSA _beng |
||
| 042 | _adc | ||
| 050 | 4 | _aPS | |
| 100 | 1 |
_aEdmondson, G. C., _d1922-1995 |
|
| 245 | 1 | 0 |
_aBlessed Are the Meek _h[electronic resource] / _cG. C. Edmondson |
| 260 |
_bProject Gutenberg, _c2007 |
||
| 506 | _aPublic domain in the USA. | ||
| 516 | _aElectronic text | ||
| 653 | _aShort stories | ||
| 653 | _aScience fiction | ||
| 700 | 1 |
_aFreas, Kelly, _d1922-2005 |
|
| 830 | 0 |
_aProject Gutenberg _v23762 |
|
| 856 | 4 | 0 | _uhttp://www.gutenberg.org/ebooks/23762 |
| 942 | _cEB | ||
| 999 |
_c253017 _d253017 |
||